<?xml version="1.0" encoding="UTF-8"?>
<collection xmlns="http://www.loc.gov/MARC21/slim">
 <record>
  <leader>00432pamaa2200145   4500</leader>
  <controlfield tag="001">0000022360</controlfield>
  <controlfield tag="005">20061208090000.0</controlfield>
  <datafield tag="020" ind1="0" ind2="0">
   <subfield code="a">0486282694 </subfield>
  </datafield>
  <datafield tag="090" ind1="0" ind2="0">
   <subfield code="a">PS3501.N4.N34 </subfield>
   <subfield code="b">AND 1995</subfield>
  </datafield>
  <datafield tag="100" ind1="1" ind2="0">
   <subfield code="a">ANDERSON </subfield>
  </datafield>
  <datafield tag="245" ind1="1" ind2="0">
   <subfield code="a">Winesburg, Ohio  </subfield>
   <subfield code="c">Sherwood Anderson.</subfield>
  </datafield>
  <datafield tag="260" ind1="0" ind2="0">
   <subfield code="a">New York: </subfield>
   <subfield code="b">Dover Pub., </subfield>
   <subfield code="c">1995.</subfield>
  </datafield>
  <datafield tag="300" ind1=" " ind2=" ">
   <subfield code="a">v, 153p.; </subfield>
   <subfield code="c">21cm.</subfield>
  </datafield>
  <datafield tag="650" ind1="0" ind2="0">
   <subfield code="a">City and town life -- </subfield>
   <subfield code="x">Fiction -- </subfield>
   <subfield code="z">Ohio </subfield>
  </datafield>
  <datafield tag="651" ind1="0" ind2="0">
   <subfield code="a">Ohio -- </subfield>
   <subfield code="x">Social life and customs -- </subfield>
   <subfield code="x">Fiction </subfield>
  </datafield>
 </record>
</collection>
